YouTuberzy Kwadratowa Masakra - Statystyki

Ogólne statystyki
  • Ten quiz został rozwiązany 1 378 razy
  • Średni wynik to 4 z 9
Statystyki odpowiedzi
Pytanie Youtuber % Poprawnych
Założyciel Serwera skkf
94%
Tak zwany hegemon serwerowy Nitashi
73%
Najlepszy gracz Fortnite od niedawna gra w Minecraft Ewron
65%
Największy Youtube Blowek
58%
Miłośnik Obsydianu macgajster
58%
Buduje najładniejszy Budynek na serwerze Graf
51%
Pisze pluginy itp. Cubix
45%
Zbudowali Zamek który się nie podobał skkf'fowi oraz Nexe Abra, Macioch
3%
Najbogatsi na serwerze macgajster, zahaczai
3%
Nie znaleziono quizów pasujących do podanych kryteriów
Rozkład punktacji
Procent ludzi z każdym wynikiem
Percentyl według liczby udzielonych odpowiedzi
Twoja historia wyników
Nie rozwiązałeś tego quizu